00000000nam##2200000za#4500
0019.633897
003CaOODSP
00520210624215539
007cr |||||||||||
008150407|2006||||xxc|||||o    f|0| 0 fre|d
020 |a978-0-662-73819-0
040 |aCaOODSP|bfre
043 |an-cn---
0861 |aM144-142/2-2006F-PDF
1101 |aCanada.|bRessources naturelles Canada. |bOffice de l'efficacité énergétique.
24510|aÉtude de cas - les fermes Cavendish : |h[ressource électronique]|bune vaste démarche d'amélioration de l'efficacité énergétique entraîne de grandes économies à l'Île-du-Prince-Édouard
260 |aOttawa - Ontario : |bRessources naturelles Canada. |cc2008.
300 |a4p.|btableau, photographies
500 |aEn tête du titre : écoÉNERGIE, une initiative d'écoACTION.
590 |a13-05-Supp|b2013-02-27
77508|tCase study - Cavendish Farms : |w(CaOODSP)9.689494
85640|ahttp://publications.gc.ca|qPDF|s3.29 Mo|uhttps://publications.gc.ca/collections/collection_2013/rncan-nrcan/M144-142-2-2006-fra.pdf